<?xml version="1.0" encoding="UTF-8"?>
<record
    xmlns:xsi="http://www.w3.org/2001/XMLSchema-instance"
    xsi:schemaLocation="http://www.loc.gov/MARC21/slim http://www.loc.gov/standards/marcxml/schema/MARC21slim.xsd"
    xmlns="http://www.loc.gov/MARC21/slim">

  <leader>01126nab a2200217 uc4500</leader>
  <controlfield tag="001">948146</controlfield>
  <controlfield tag="005">20240705091334.0</controlfield>
  <controlfield tag="008">050930s2005                        spa  </controlfield>
  <datafield tag="035" ind1=" " ind2=" ">
    <subfield code="a">948146</subfield>
  </datafield>
  <datafield tag="035" ind1=" " ind2=" ">
    <subfield code="a">(OCoLC)820335888</subfield>
  </datafield>
  <datafield tag="040" ind1=" " ind2=" ">
    <subfield code="c">comduadb</subfield>
  </datafield>
  <datafield tag="041" ind1=" " ind2=" ">
    <subfield code="a">spa</subfield>
  </datafield>
  <datafield tag="100" ind1="1" ind2="0">
    <subfield code="a">Fons, Monserrat</subfield>
    <subfield code="4">aut</subfield>
    <subfield code="e">aut</subfield>
    <subfield code="9">409384</subfield>
  </datafield>
  <datafield tag="245" ind1="1" ind2="3">
    <subfield code="a">El papel del maestro: hacer lectores y escritores</subfield>
  </datafield>
  <datafield tag="520" ind1="3" ind2=" ">
    <subfield code="a">En la busqueda de los que deberiamos hacer para ensenar a leer y escribir bien a los ninos y ninas que comienzan este aprendizaje, se proponen tres ambitos de reflexion: invitar a los pequenos a la comunidad de lectores y escritores, velar por la singularidad de cada proceso y potenciar la globalizacion. La practica pedagogica que se propone permite que los pequenos se conviertan en lectores y escritores activos y no solamente que sepan leer y escribir</subfield>
  </datafield>
  <datafield tag="650" ind1=" " ind2=" ">
    <subfield code="a">Ense&#xF1;anza de la lectura preescolar</subfield>
    <subfield code="9">3838</subfield>
  </datafield>
  <datafield tag="650" ind1=" " ind2=" ">
    <subfield code="a">Lectoescritura</subfield>
    <subfield code="9">32133</subfield>
  </datafield>
  <datafield tag="650" ind1=" " ind2="7">
    <subfield code="a">Educaci&#xF3;n de ni&#xF1;os</subfield>
    <subfield code="2">lemb</subfield>
    <subfield code="9">4711</subfield>
  </datafield>
  <datafield tag="773" ind1="0" ind2=" ">
    <subfield code="t">Infancia : Educar de 0 a 6 a&#xF1;os (Barcelona)</subfield>
    <subfield code="g">No. 093, Sep.-Oct. 2005, p. 34-39</subfield>
    <subfield code="w">122974</subfield>
    <subfield code="0">67835</subfield>
  </datafield>
  <datafield tag="942" ind1=" " ind2=" ">
    <subfield code="c">ARIMP</subfield>
  </datafield>
  <datafield tag="999" ind1=" " ind2=" ">
    <subfield code="c">368110</subfield>
    <subfield code="d">368110</subfield>
  </datafield>
</record>
